000 01056 a2200301 4500
003 Nust
005 20221013121233.0
010 _a 2006926757
020 _a071670613X
020 _a9780716706137
035 _a(OCoLC)71270693
035 _a(OCoLC)ocm71270693
040 _cNust
082 0 0 _a560,RAU
100 1 _aM. Raup, David
_9100115
245 1 0 _aPrinciples of paleontology /
_cDavid M. Raup, Steven M. Stanley
250 _a2nd ed.
260 _aNew York :
_bW.H. Freeman,
_cc2004.
300 _axv, 481 p. :
_bill. ;
_c29 cm.
505 _aPart-1: Description and Classification of Fossils (Page-1), Part-2: The Uses of Paleontologic Data (Page-613).
650 0 _aPaleontology.
_92428
700 1 _aMiller, Arnold I.
_9100116
700 1 _aRaup, David M.
_9100117
700 1 _aStanley, Steven M.
_9100118
856 4 2 _3Publisher description
_uhttp://www.loc.gov/catdir/enhancements/fy0912/2006926757-d.html
856 4 2 _3Table of contents only
_uhttp://www.loc.gov/catdir/enhancements/fy0912/2006926757-t.html
942 _2ddc
_cBK
999 _c176967
_d176967